| 000 | 00000nam##2200000za#4500 |
| 001 | 9.696828 |
| 003 | CaOODSP |
| 005 | 20210624235217 |
| 007 | cr ||||||||||| |
| 008 | 150407|1999||||xxc|||||o f|0| 0 eng|d |
| 040 | |aCaOODSP|beng |
| 043 | |an-cn--- |
| 086 | 1 |aE97-59/1999E-PDF |
| 110 | 1 |aCanada.|bInternational Development Research Centre. |
| 245 | 10|aHuman security and mutual vulnerability : |h[electronic resource]|bthe global political economy of development and underdevelopment / |c[by] Jorge Nef. |
| 250 | |a2nd ed. |
| 260 | |bInternational Development Research Centre |cc1999. |
| 300 | |a136p.|breferences, tables |
| 590 | |a12-41-Supp|b2012-11-07 |
| 690 | 07|aInternational development|2gcpds |
| 720 | 1 |aNef, Jorge |
| 856 | 40|ahttp://publications.gc.ca|qPDF|s6.19 MB|uhttps://publications.gc.ca/collections/collection_2012/crdi-idrc/E97-59-1999-eng.pdf |